000 00432cam a2200181ua 4500
020 _c12.00
041 _aeng
_h
082 _a541.3
_bMEE/PH
100 _aMee, A J .
245 _aPhysical chemistry /
_cA J Mee.
_hTextual Documents
250 _a6 /
_b.
260 _aLondon :
_bHeinemann Educational Books Ltd. ,
_c1964.
300 _a719 ; .
365 _a12.00
504 _a
942 _cBK
999 _c9321
_d9321